| 000 | 02011nam a22001577a 4500 | ||
|---|---|---|---|
| 041 | _aukr | ||
| 080 | _a09 | ||
| 090 | _bДІД | ||
| 100 | _aДіденко І.Ф. | ||
| 245 | _aЛексико-стилістичний аналіз промов екс-президента США Р. Рейгана | ||
| 260 |
_aОстрог _bКАФ _c2009 |
||
| 300 | _a54 | ||
| 520 |
_aВСТУП
РОЗДІЛ 1 ПОЛІТИЧНИЙ ДИСКУРС ТА ПОЛІТИЧНА ПРОМОВА ЯК ЇЇ ПРОЯВ
1.1 Генезис поняття "дискурс".
1.2 Місце політичних промов у системі родів і жанрів ораторського мистецтва.
1.3 Суспільно-функціональні риси промов.
1.4 Стилі політичних промов.
РОЗДІЛ 2 ВИКОРИСТАННЯ ЛЕКСИКО-СТИЛІСТИЧНИХ ЗАСОБІВ У ПРОМОВАХ ЕКС-ПРЕЗИДЕНТА США Р. РЕЙГАНА. АСПЕКТ ПЕРЕКОНАННЯ
2.1 Політична маніпуляція в США. Концепція американської винятковості.
2.2 Мовні механізми впливу на свідомість на прикладі Інавгураційних промов екс-президента США Р. Рейгана.
РОЗДІЛ 3 МЕТАФОРИЧНІ ОБРАЗИ У ПРОМОВАХ ЕКС-ПРЕЗИДЕНТА США Р. РЕЙГАНА
3.1 Побудова іміджу політичного суперника: теоретична база та технології впровадження.
3.1.1 Актуалізація образу ворога.
3.1.2 "Імперія зла" як гасло доби.
3.2 Метафори на позначення образу "Друзів".
3.3 Метафоричні образи перешкод та їх подолання.
ВИСНОВКИ _0дискурс,Р.Рейган, промови |
||
| 650 | _aResearch Papers | ||
| 999 |
_c284133 _d284133 |
||
| 942 | _cBK | ||